Ekonomický význam hypotekárnych bánk a základná charakteristika hypotekárnych dlhopisov

Emisia hypotekárnych dlhopisov (na základe právneho ustanovenia). Obsah dlhopisov. Princíp krytia. Majetok vhodný na zabezpečenie pôžičky. Úvery na bývanie a podnikateľské účely. Úverové limity. Podmienky úverových obchodov. Právna forma, rozsah činnosti a dohľad hypotekárnych bánk.

Guardado en:
Detalles Bibliográficos
Autor principal: Múčková, Viktória
Formato: Capítulo de libro
Lenguaje:eslovaco
Materias:
Etiquetas: Agregar Etiqueta
Sin Etiquetas, Sea el primero en etiquetar este registro!

MARC

LEADER 00000naa a2200000 4500
001 r024973
005 20221205101323.2
041 0 |a slo 
044 |a SK 
245 1 0 |a Ekonomický význam hypotekárnych bánk a základná charakteristika hypotekárnych dlhopisov  |c Viktória Múčková 
520 |a Emisia hypotekárnych dlhopisov (na základe právneho ustanovenia). Obsah dlhopisov. Princíp krytia. Majetok vhodný na zabezpečenie pôžičky. Úvery na bývanie a podnikateľské účely. Úverové limity. Podmienky úverových obchodov. Právna forma, rozsah činnosti a dohľad hypotekárnych bánk. 
610 2 0 |a hypotéky 
610 2 0 |a úver hypotekárny 
610 2 0 |a banky 
610 2 0 |a dlhopisy 
610 2 0 |a emisia 
610 2 0 |a pojmy 
610 2 0 |a dlhopisy hypotekárne 
610 2 0 |a banky hypotekárne 
610 2 0 |a obchody bankové 
610 2 0 |a história 
610 2 0 |a úver 
610 2 0 |a limity úverové 
610 2 0 |a dohľad bankový 
100 1 |a Múčková, Viktória